000 00614nam a2200217 a 4500
005 20231021063556.0
008 080512s2006 mx r 000 0 spa d
020 _a9685960445
035 _aUPN01000155831
049 _aCG
050 4 _aPQ8097 N4
_bM4.4
100 1 _aNeruda, Pablo,
_d1904-1973
245 1 4 _aLos mejores poemas de amor /
_cPablo Neruda ; selec. de Javier Argüello.
260 _aMéxico :
_bLumen,
_c2006.
300 _a279 p.
440 0 _aPoesía ;
_v160
650 0 _aPoesía chilena
_91228
650 4 _aPoesía amorosa
_91219
700 1 _aArgüello, Javier,
_ecomp.
905 _aLibro
999 _c127945
_d127945